La gestión por procesos
| Main Author: | |
|---|---|
| Format: | Section = Libro |
| Language: | Undetermined Spanish |
| Published: |
España
Folio
1997
|
| Subjects: |
| LEADER | 00580nam a2200205Ia 4500 | ||
|---|---|---|---|
| 008 | 240829s9999 xx 000 0 und d | ||
| 020 | |a 84-413-0774-1 | ||
| 040 | |a BIBLIOTECA-RUSB/ Ref 658 R862 | ||
| 041 | |a spa | ||
| 082 | |a Ref 658 R862 | ||
| 100 | 1 | |a Roure, J. B. | |
| 245 | 1 | 0 | |a La gestión por procesos |
| 260 | |a España |b Folio |c 1997 | ||
| 300 | |a 132 p. :il. | ||
| 650 | 7 | |a ADMINISTRACION DE EMPRESAS | |
| 650 | 7 | |b GESTION ESTRATEGICA - PROCESOS | |
| 650 | 7 | |c REINGENIERIA DE PROCESOS. Moñino, M. Rodríguez-Badal, M. A | |
| 942 | |c BK |2 ddc | ||
| 991 | |a TEXTO | ||
| 999 | |c 6210 | ||